Basketball Players Sudden Death - Statistics

General Stats
  • This quiz has been taken 63 times
  • The average score is 7 of 11
Answers on the Grid
Answers color-coded by a green-red scale on the quiz's grid according to % correct below.
Nikola Jokic
Alex English
Trent Mcduffie
Your Mom
Lebron James
Shawn Kemp
Sleep Floyd
World B. Free
Lamar Jackson
Isiah Thomas
Micheal Worley
James Bond
James Charles
Randy Moss
Micheal b. Jordan
Kevin Durant
Stephen Curry
Seth Curry
Bol Bol
Gout Gout
 
Answer Stats
Answer % Correct
Lebron James
93%
Nikola Jokic
93%
Stephen Curry
78%
Kevin Durant
75%
Isiah Thomas
68%
Seth Curry
68%
Shawn Kemp
68%
Bol Bol
60%
Alex English
50%
World B. Free
38%
Sleep Floyd
15%
No matching quizzes found
Score Distribution
Percent of People with Each Score
Percentile by Number Answered
Your Score History
You have not taken this quiz